<?xml version="1.0" encoding="UTF-8"?>
<record
    xmlns:xsi="http://www.w3.org/2001/XMLSchema-instance"
    xsi:schemaLocation="http://www.loc.gov/MARC21/slim http://www.loc.gov/standards/marcxml/schema/MARC21slim.xsd"
    xmlns="http://www.loc.gov/MARC21/slim">

  <leader>02347nam a22003977a 4500</leader>
  <controlfield tag="003">NALT</controlfield>
  <controlfield tag="005">20240625111407.0</controlfield>
  <controlfield tag="008">240517b        th ||||| |||| 00| 0 tha d</controlfield>
  <datafield tag="020" ind1=" " ind2=" ">
    <subfield code="a">9786165777049</subfield>
  </datafield>
  <datafield tag="040" ind1=" " ind2=" ">
    <subfield code="a">NALT</subfield>
  </datafield>
  <datafield tag="050" ind1=" " ind2=" ">
    <subfield code="a">AC 159</subfield>
    <subfield code="b">&#xE1B;469&#xE2A; 2564</subfield>
  </datafield>
  <datafield tag="100" ind1="0" ind2=" ">
    <subfield code="a">&#xE1B;&#xE23;&#xE35;&#xE0A;&#xE32; &#xE2A;&#xE38;&#xE27;&#xE23;&#xE23;&#xE13;&#xE17;&#xE31;&#xE15;</subfield>
    <subfield code="9">188</subfield>
  </datafield>
  <datafield tag="245" ind1="1" ind2="0">
    <subfield code="a">&#xE2A;&#xE2B;&#xE27;&#xE34;&#xE17;&#xE22;&#xE32;&#xE01;&#xE32;&#xE23; :</subfield>
    <subfield code="b">Interdisciplinary &#xE23;&#xE27;&#xE21;&#xE1A;&#xE17;&#xE04;&#xE27;&#xE32;&#xE21; "&#xE1B;&#xE23;&#xE35;&#xE0A;&#xE32; &#xE17;&#xE31;&#xE28;&#xE19;&#xE4C;" &#xE08;&#xE32;&#xE01;&#xE2B;&#xE19;&#xE31;&#xE07;&#xE2A;&#xE37;&#xE2D;&#xE1E;&#xE34;&#xE21;&#xE1E;&#xE4C; &#xE41;&#xE19;&#xE27;&#xE2B;&#xE19;&#xE49;&#xE32; /</subfield>
    <subfield code="c">&#xE1B;&#xE23;&#xE35;&#xE0A;&#xE32; &#xE2A;&#xE38;&#xE27;&#xE23;&#xE23;&#xE13;&#xE17;&#xE31;&#xE15;, &#xE27;&#xE34;&#xE0A;&#xE31;&#xE22; &#xE15;&#xE31;&#xE19;&#xE28;&#xE34;&#xE23;&#xE34;, &#xE18;&#xE34;&#xE15;&#xE34; &#xE2A;&#xE38;&#xE27;&#xE23;&#xE23;&#xE13;&#xE17;&#xE31;&#xE15;.</subfield>
  </datafield>
  <datafield tag="250" ind1=" " ind2=" ">
    <subfield code="a">&#xE1E;&#xE34;&#xE21;&#xE1E;&#xE4C;&#xE04;&#xE23;&#xE31;&#xE49;&#xE07;&#xE41;&#xE23;&#xE01;.</subfield>
  </datafield>
  <datafield tag="260" ind1=" " ind2=" ">
    <subfield code="a">&#xE01;&#xE23;&#xE38;&#xE07;&#xE40;&#xE17;&#xE1E;&#xE2F; :</subfield>
    <subfield code="b">&#xE42;&#xE23;&#xE07;&#xE1E;&#xE34;&#xE21;&#xE1E;&#xE4C;&#xE21;&#xE2B;&#xE32;&#xE27;&#xE34;&#xE17;&#xE22;&#xE32;&#xE25;&#xE31;&#xE22;&#xE18;&#xE23;&#xE23;&#xE21;&#xE28;&#xE32;&#xE2A;&#xE15;&#xE23;&#xE4C;,</subfield>
    <subfield code="c">2564.</subfield>
  </datafield>
  <datafield tag="300" ind1=" " ind2=" ">
    <subfield code="a">356 &#xE2B;&#xE19;&#xE49;&#xE32; :</subfield>
    <subfield code="b">&#xE20;&#xE32;&#xE1E;&#xE1B;&#xE23;&#xE30;&#xE01;&#xE2D;&#xE1A; ;</subfield>
    <subfield code="c">21 &#xE0B;&#xE21;.</subfield>
  </datafield>
  <datafield tag="505" ind1="2" ind2=" ">
    <subfield code="a">&#xE20;&#xE32;&#xE04;&#xE17;&#xE35;&#xE48; 1: &#xE01;&#xE0E;&#xE2B;&#xE21;&#xE32;&#xE22;&#xE28;&#xE35;&#xE25;&#xE18;&#xE23;&#xE23;&#xE21; / &#xE14;&#xE23; &#xE1B;&#xE23;&#xE35;&#xE0A;&#xE32; &#xE2A;&#xE38;&#xE27;&#xE23;&#xE23;&#xE13;&#xE17;&#xE31;&#xE15; --  &#xE20;&#xE32;&#xE04;&#xE17;&#xE35;&#xE48; 2: &#xE23;&#xE31;&#xE10;&#xE18;&#xE23;&#xE23;&#xE21;&#xE19;&#xE39;&#xE0D; &#xE01;&#xE32;&#xE23;&#xE40;&#xE21;&#xE37;&#xE2D;&#xE07;&#xE41;&#xE25;&#xE30;&#xE01;&#xE32;&#xE23;&#xE28;&#xE36;&#xE01;&#xE29;&#xE32; / &#xE14;&#xE23;. &#xE27;&#xE34;&#xE0A;&#xE31;&#xE22; &#xE15;&#xE31;&#xE19;&#xE28;&#xE34;&#xE23;&#xE34; -- &#xE20;&#xE32;&#xE04;&#xE17;&#xE35;&#xE48; 3: &#xE2A;&#xE2B;&#xE27;&#xE34;&#xE17;&#xE22;&#xE32;&#xE01;&#xE32;&#xE23; / &#xE14;&#xE23;.&#xE18;&#xE34;&#xE15;&#xE34; &#xE2A;&#xE38;&#xE27;&#xE23;&#xE23;&#xE13;&#xE17;&#xE31;&#xE15;.</subfield>
  </datafield>
  <datafield tag="650" ind1=" " ind2="4">
    <subfield code="a">&#xE23;&#xE31;&#xE10;&#xE18;&#xE23;&#xE23;&#xE21;&#xE19;&#xE39;&#xE0D; </subfield>
    <subfield code="z">&#xE44;&#xE17;&#xE22;</subfield>
    <subfield code="9">2027</subfield>
  </datafield>
  <datafield tag="650" ind1=" " ind2="4">
    <subfield code="a">&#xE01;&#xE32;&#xE23;&#xE40;&#xE21;&#xE37;&#xE2D;&#xE07;</subfield>
    <subfield code="9">50904</subfield>
  </datafield>
  <datafield tag="650" ind1=" " ind2="4">
    <subfield code="a">&#xE01;&#xE32;&#xE23;&#xE28;&#xE36;&#xE01;&#xE29;&#xE32;</subfield>
    <subfield code="9">54284</subfield>
  </datafield>
  <datafield tag="650" ind1=" " ind2="4">
    <subfield code="a">&#xE23;&#xE27;&#xE21;&#xE40;&#xE23;&#xE37;&#xE48;&#xE2D;&#xE07;</subfield>
    <subfield code="9">545</subfield>
  </datafield>
  <datafield tag="650" ind1=" " ind2="4">
    <subfield code="a">&#xE04;&#xE27;&#xE32;&#xE21;&#xE23;&#xE39;&#xE49;&#xE17;&#xE31;&#xE48;&#xE27;&#xE44;&#xE1B;</subfield>
    <subfield code="9">7244</subfield>
  </datafield>
  <datafield tag="650" ind1=" " ind2="4">
    <subfield code="a">&#xE04;&#xE27;&#xE32;&#xE21;&#xE2A;&#xE31;&#xE21;&#xE1E;&#xE31;&#xE19;&#xE18;&#xE4C;&#xE23;&#xE30;&#xE2B;&#xE27;&#xE48;&#xE32;&#xE07;&#xE1B;&#xE23;&#xE30;&#xE40;&#xE17;&#xE28;</subfield>
    <subfield code="9">7010</subfield>
  </datafield>
  <datafield tag="650" ind1=" " ind2="4">
    <subfield code="a">&#xE01;&#xE32;&#xE23;&#xE04;&#xE25;&#xE31;&#xE07;</subfield>
    <subfield code="9">29246</subfield>
  </datafield>
  <datafield tag="650" ind1=" " ind2="4">
    <subfield code="a">&#xE01;&#xE32;&#xE23;&#xE40;&#xE07;&#xE34;&#xE19;</subfield>
    <subfield code="9">12028</subfield>
  </datafield>
  <datafield tag="650" ind1=" " ind2="4">
    <subfield code="a">&#xE21;&#xE19;&#xE38;&#xE29;&#xE22;&#xE28;&#xE32;&#xE2A;&#xE15;&#xE23;&#xE4C;&#xE14;&#xE34;&#xE08;&#xE34;&#xE17;&#xE31;&#xE25;</subfield>
    <subfield code="9">63886</subfield>
  </datafield>
  <datafield tag="653" ind1=" " ind2="4">
    <subfield code="a">&#xE01;&#xE32;&#xE23;&#xE15;&#xE48;&#xE32;&#xE07;&#xE1B;&#xE23;&#xE30;&#xE40;&#xE17;&#xE28;</subfield>
  </datafield>
  <datafield tag="700" ind1="0" ind2=" ">
    <subfield code="a">&#xE27;&#xE34;&#xE0A;&#xE31;&#xE22; &#xE15;&#xE31;&#xE19;&#xE28;&#xE34;&#xE23;&#xE34;</subfield>
    <subfield code="9">29085</subfield>
  </datafield>
  <datafield tag="700" ind1="0" ind2=" ">
    <subfield code="a">&#xE18;&#xE34;&#xE15;&#xE34; &#xE2A;&#xE38;&#xE27;&#xE23;&#xE23;&#xE13;&#xE17;&#xE31;&#xE15;</subfield>
    <subfield code="9">63885</subfield>
  </datafield>
  <datafield tag="942" ind1=" " ind2=" ">
    <subfield code="c">GB</subfield>
    <subfield code="2">lcc</subfield>
  </datafield>
  <datafield tag="996" ind1=" " ind2=" ">
    <subfield code="a">chunbijaya.r</subfield>
    <subfield code="b">CATSTF	</subfield>
    <subfield code="c">2024-05-17</subfield>
  </datafield>
  <datafield tag="996" ind1=" " ind2=" ">
    <subfield code="a">saiphon.d</subfield>
    <subfield code="b">CATSTF	</subfield>
    <subfield code="c">2024-05-17</subfield>
  </datafield>
  <datafield tag="996" ind1=" " ind2=" ">
    <subfield code="a">i001</subfield>
    <subfield code="b">CATSTF	</subfield>
    <subfield code="c">2024-05-27</subfield>
  </datafield>
  <datafield tag="999" ind1=" " ind2=" ">
    <subfield code="c">105176</subfield>
    <subfield code="d">105176</subfield>
  </datafield>
  <datafield tag="998" ind1=" " ind2=" ">
    <subfield code="j">111</subfield>
    <subfield code="k"> &#xE19;&#xE32;&#xE07;&#xE2A;&#xE32;&#xE27;&#xE1E;&#xE08;&#xE1E;&#xE34;&#xE13;  &#xE1E;&#xE23;&#xE21;&#xE40;&#xE2D;&#xE35;&#xE48;&#xE22;&#xE21;</subfield>
  </datafield>
  <datafield tag="952" ind1=" " ind2=" ">
    <subfield code="0">0</subfield>
    <subfield code="1">0</subfield>
    <subfield code="2">lcc</subfield>
    <subfield code="4">0</subfield>
    <subfield code="7">0</subfield>
    <subfield code="8">CGBL</subfield>
    <subfield code="a">NALT</subfield>
    <subfield code="b">NALT</subfield>
    <subfield code="c">GEN</subfield>
    <subfield code="d">2024-05-17</subfield>
    <subfield code="l">1</subfield>
    <subfield code="o">AC 159 &#xE1B;469&#xE2A; 2564</subfield>
    <subfield code="p">3961214003</subfield>
    <subfield code="r">2024-07-01 00:00:00</subfield>
    <subfield code="s">2024-06-25</subfield>
    <subfield code="w">2024-05-17</subfield>
    <subfield code="y">GB</subfield>
  </datafield>
</record>
